000 00272nam a2200109Ia 4500
008 201231s9999 xx 000 0 und d
100 _aDeo, Narsingh
245 0 _aSystem Simulation With Digital Computer
260 _aNew Delhi
_bPrentice Hall
300 _a200
942 _cBK
999 _c9665
_d9665